Every Island Over 1,000 + Square Kilometres - Statistics

General Stats
  • This quiz has been taken 29 times
  • The average score is 67 of 333
Answer Stats
Answer % Correct
Sri Lanka
93%
Tasmania
93%
Cuba
87%
Greenland
87%
Honshū
87%
Ireland
87%
Java
87%
Madagascar
87%
North Island
87%
South
87%
Borneo
80%
Cyprus
80%
Great Britain
80%
Hokkaidō
80%
Luzon
80%
New Guinea
80%
Sumatra
80%
Baffin
73%
Bali
73%
Ellesmere
73%
Hispaniola
73%
Iceland
73%
Jamaica
73%
Mallorca
73%
Sakhalin
73%
Taiwan
73%
Corsica
67%
Mauritius
67%
Newfoundland
67%
Sardinia
67%
Sicily
67%
Sulawesi
67%
Trinidad
67%
Vancouver
67%
Victoria
67%
Zealand
67%
Crete
60%
Gotland
60%
Hainan
60%
Kyūshū
60%
Long
60%
Okinawa
60%
Puerto Rico
60%
Rhodes
60%
Shikoku
60%
Gran Canaria
53%
Hawai'i
53%
Lesbos
53%
Mindanao
53%
Réunion
53%
Tenerife
53%
Timor
53%
Banks
47%
Cebu
47%
New Britain
47%
Prince Edward
47%
Flores
40%
Jeju
40%
Kodiak
40%
Maui
40%
New Caledonia
40%
Oahu
40%
Palawan
40%
Socotra
40%
Tahiti
40%
Bear
33%
Euboea
33%
Fuerteventura
33%
Guadalcanal
33%
Kauai
33%
Lombok
33%
Margarita
33%
Negros
33%
New Ireland
33%
Panay
33%
Spitsbergen
33%
Viti Levu
33%
Zanzibar
33%
Bioko
27%
East Falkland
27%
Halmahera
27%
Marajó
27%
Martinique
27%
Mindoro
27%
Öland
27%
Prince of Wales
27%
Severny
27%
Skye
27%
West Falkland
27%
Axel Heiberg
20%
Bangka
20%
Bohol
20%
Buton
20%
Cape Breton
20%
Chiloé
20%
Devon
20%
Espiritu Santo
20%
Funen
20%
Grand Bahama
20%
Grande Comore
20%
Leyte
20%
Nias
20%
October Revolution
20%
Ross
20%
Samar
20%
Seram
20%
South Georgia
20%
St Lawrence
20%
Sumba
20%
Sumbawa
20%
Vanua Levu
20%
Yos Sudarso
20%
Alexander
13%
Amund Ringnes
13%
Anticosti
13%
Bananal
13%
Basilan
13%
Bathurst
13%
Bering
13%
Berkner
13%
Bhola
13%
Bolshevik
13%
Buru
13%
Bylot
13%
Carney
13%
Choiseul
13%
Chongming
13%
Coats
13%
Cornwall
13%
Cornwallis
13%
Disko
13%
Ellef Ringnes
13%
Graham
13%
Great Abaco
13%
Isabela
13%
Kerguelen
13%
King
13%
King William
13%
Komsomolets
13%
Kotelny
13%
Lolland
13%
Mackenzie King
13%
Madura
13%
Masbate
13%
Melville
13%
Middle Andaman
13%
Muna
13%
New Hanover
13%
New Siberia
13%
Nordaustlandet
13%
North Andaman
13%
North Andros
13%
Nunivak
13%
Prince Charles
13%
Qeshm
13%
Saaremaa
13%
Santa Isabel
13%
Savai'i
13%
Siberut
13%
Somerset
13%
Southampton
13%
South Andaman
13%
South Andros
13%
Thurston
13%
Unalaska
13%
Unimak
13%
Upolu
13%
Wetar
13%
Wrangel
13%
Yuzhny
13%
Adelaide
7%
Admiralty
7%
Air Force
7%
Alor
7%
Atka
7%
Belitung
7%
Bouganville
7%
Chichagof
7%
Edgeøya
7%
Etorofu Island | Iturup
7%
Geographical Society
7%
Graham Bell
7%
Great Inagua
7%
Hiiumaa
7%
Hinnøya
7%
Hoste
7%
Isla de la Juventud
7%
Kangaroo
7%
K'gari | Fraser
7%
Kolguyev
7%
Kunashiri | Kunashir
7%
Lewis and Harris
7%
Lifou
7%
Malaita
7%
Manitoulin
7%
Manus
7%
Milne
7%
New Georgia
7%
Nottingham
7%
Paramushir
7%
Prince Patrick
7%
Ramree
7%
René-Levasseur
7%
Resolution
7%
Riesco
7%
Roosevelt
7%
Sääminginsalo
7%
Santa Inés
7%
São Luís
7%
Senja
7%
Siple
7%
Soisalo
7%
Spaatz
7%
Stefansson
7%
Stewart | Rakiura
7%
Tiburón
7%
Traill
7%
Tupinambarana
7%
Umnak
7%
Urup
7%
Vaygach
7%
Waigeo
7%
Wales
7%
Wellington
7%
Wilczek
7%
Ymer
7%
Zemlya Georga
7%
Žitný ostrov
7%
Afognak
0%
Akimiski
0%
Anvers
0%
Aracena
0%
Ayon
0%
Bacan
0%
Bahr al Jabal
0%
Baranof
0%
Barentsøya | Barents
0%
Bely
0%
Biak
0%
Bintan
0%
Bolshoy Begichev
0%
Bolshoy Lyakhovsky
0%
Bolshoy Shantar
0%
Borden
0%
Boven Digul
0%
Byam Martin
0%
Cameron
0%
Campana
0%
Carmargue
0%
Catanduanes
0%
Caviana
0%
Charcot
0%
Clarence
0%
Clavering
0%
Copper
0%
Dawson
0%
Desolación
0%
Eglinton
0%
Fergusson
0%
Flaherty
0%
Fletcher
0%
Flinders
0%
Gallya
0%
Groote Eylandt
0%
Gurupá
0%
Hatiya
0%
Île Vanier
0%
Isle Grande de Tierra Del Fuego
0%
James Ross
0%
Joinville
0%
Karaginsky
0%
King George
0%
Kobroor
0%
Krasnoslobodsk
0%
Kuiu
0%
Kupreanof
0%
Laugheed
0%
Laut
0%
Lembata | Lomblen
0%
Letea
0%
Madre de Dios
0%
Magdalena
0%
Makira
0%
Malakula
0%
Mangole
0%
Mansel
0%
Mill
0%
Misool
0%
Moresby
0%
Morfil
0%
Mornington
0%
Morotai
0%
Naros
0%
Natuna Besar
0%
Navarino
0%
Nelson
0%
Normany
0%
North Jutlandic
0%
Obira
0%
Oleniy
0%
Padang
0%
Peleng
0%
Pioneer
0%
Pitt
0%
Princess Royal
0%
Rantau
0%
Revillagigedo
0%
Richards
0%
Rote
0%
Rothschild
0%
Rowley
0%
Rupat
0%
Salawati
0%
Serrano
0%
Shannon
0%
Sherman
0%
Simeulue
0%
Smyley
0%
Södertörn
0%
Taliabu
0%
Tanahbesar | Wokam
0%
Trangan
0%
Uarini
0%
Yamsela
0%
Yapen
0%
Zemlya Aleksandry | Alexandra Land
0%
Zhongshan
0%
No matching quizzes found
Score Distribution
Percent of People with Each Score
Percentile by Number Answered
Your Score History
You have not taken this quiz